Statistics for U.S. cities with "fort" in their names

Click here to take the quiz!

General Stats

  • This quiz has been taken 38 times
    (11 since last reset)
  • The average score is 5 of 8

Answer Stats

City% Correct
Fort Lauderdale
90%
Fort Worth
90%
Fort Wayne
70%
Fort Smith
60%
Fort Collins
50%
Fort Myers
50%
Fort Pierce
30%
Frankfort
30%

Score Distribution

Percentile by Number Answered

Percent of People with Each Score

Your Score History

You have not taken this quiz since the last reset